<?xml version="1.0" encoding="UTF-8"?>
<record
    xmlns:xsi="http://www.w3.org/2001/XMLSchema-instance"
    xsi:schemaLocation="http://www.loc.gov/MARC21/slim http://www.loc.gov/standards/marcxml/schema/MARC21slim.xsd"
    xmlns="http://www.loc.gov/MARC21/slim">

  <leader>00378nam a22001577a 4500</leader>
  <controlfield tag="003">OSt</controlfield>
  <controlfield tag="005">20231116084602.0</controlfield>
  <controlfield tag="008">170717b        xxu||||| |||| 00| 0 eng d</controlfield>
  <datafield tag="020" ind1=" " ind2=" ">
    <subfield code="a">9789332902596</subfield>
  </datafield>
  <datafield tag="040" ind1=" " ind2=" ">
    <subfield code="c">SEROSOFT</subfield>
  </datafield>
  <datafield tag="100" ind1=" " ind2=" ">
    <subfield code="a">BOYD C. POULSON</subfield>
  </datafield>
  <datafield tag="245" ind1=" " ind2=" ">
    <subfield code="a">COMPUTER APPLICATION IN CONSTRUCTION</subfield>
  </datafield>
  <datafield tag="260" ind1=" " ind2=" ">
    <subfield code="a">DELHI</subfield>
    <subfield code="b">WILEY INDIA</subfield>
    <subfield code="c">2013</subfield>
  </datafield>
  <datafield tag="300" ind1=" " ind2=" ">
    <subfield code="a">230</subfield>
  </datafield>
  <datafield tag="942" ind1=" " ind2=" ">
    <subfield code="2">ddc</subfield>
    <subfield code="c">03</subfield>
  </datafield>
  <datafield tag="999" ind1=" " ind2=" ">
    <subfield code="c">35879</subfield>
    <subfield code="d">35879</subfield>
  </datafield>
  <datafield tag="952" ind1=" " ind2=" ">
    <subfield code="0">0</subfield>
    <subfield code="1">0</subfield>
    <subfield code="2">ddc</subfield>
    <subfield code="4">0</subfield>
    <subfield code="7">0</subfield>
    <subfield code="a">01</subfield>
    <subfield code="b">01</subfield>
    <subfield code="d">2017-07-17</subfield>
    <subfield code="e">KIRTI PRAKASHAN</subfield>
    <subfield code="f">POLYTECHNI</subfield>
    <subfield code="l">0</subfield>
    <subfield code="p">01-B-121552</subfield>
    <subfield code="r">2017-07-17</subfield>
    <subfield code="w">2017-07-17</subfield>
    <subfield code="y">03</subfield>
  </datafield>
  <datafield tag="952" ind1=" " ind2=" ">
    <subfield code="0">0</subfield>
    <subfield code="1">0</subfield>
    <subfield code="2">ddc</subfield>
    <subfield code="4">0</subfield>
    <subfield code="7">0</subfield>
    <subfield code="a">01</subfield>
    <subfield code="b">01</subfield>
    <subfield code="d">2017-07-17</subfield>
    <subfield code="e">KIRTI PRAKASHAN</subfield>
    <subfield code="f">POLYTECHNI</subfield>
    <subfield code="l">0</subfield>
    <subfield code="p">01-B-121553</subfield>
    <subfield code="r">2017-07-17</subfield>
    <subfield code="w">2017-07-17</subfield>
    <subfield code="y">03</subfield>
  </datafield>
  <datafield tag="952" ind1=" " ind2=" ">
    <subfield code="0">0</subfield>
    <subfield code="1">0</subfield>
    <subfield code="2">ddc</subfield>
    <subfield code="4">0</subfield>
    <subfield code="7">0</subfield>
    <subfield code="a">01</subfield>
    <subfield code="b">01</subfield>
    <subfield code="d">2017-07-17</subfield>
    <subfield code="e">KIRTI PRAKASHAN</subfield>
    <subfield code="f">POLYTECHNI</subfield>
    <subfield code="p">01-B-121554</subfield>
    <subfield code="r">2017-07-17</subfield>
    <subfield code="w">2017-07-17</subfield>
    <subfield code="y">06</subfield>
  </datafield>
  <datafield tag="952" ind1=" " ind2=" ">
    <subfield code="0">0</subfield>
    <subfield code="1">0</subfield>
    <subfield code="2">ddc</subfield>
    <subfield code="4">0</subfield>
    <subfield code="7">0</subfield>
    <subfield code="a">01</subfield>
    <subfield code="b">01</subfield>
    <subfield code="d">2017-07-17</subfield>
    <subfield code="e">KIRTI PRAKASHAN</subfield>
    <subfield code="f">POLYTECHNI</subfield>
    <subfield code="p">01-B-121555</subfield>
    <subfield code="r">2017-07-17</subfield>
    <subfield code="w">2017-07-17</subfield>
    <subfield code="y">06</subfield>
  </datafield>
</record>
